MLB PRO SPIRIT【メジャスピ】 NPB在籍経験がある選手名 - Statistics

General Stats
  • This quiz has been taken 103 times
    6 since last reset
  • The average score is 37 of 91
Answer Stats
登場球団名 NPB在籍時球団名 選手名 % Correct
オリオールズ 阪神タイガース横浜DeNAベイスターズ 藤浪晋太郎
100%
オリオールズ 読売ジャイアンツ 菅野智之
100%
レッドソックス オリックス・バファローズ 吉田正尚
100%
ヤンキース 読売ジャイアンツ 松井秀喜
100%
ブルージェイズ 読売ジャイアンツ 岡本和真
100%
ホワイトソックス 東京ヤクルトスワローズ 村上宗隆
100%
マリナーズ 横浜大洋ホエールズ 横浜ベイスターズ 佐々木主浩
100%
マリナーズ 福岡ダイエーホークス 福岡ソフトバンクホークス 阪神タイガース 城島健司
100%
メッツ 福岡ソフトバンクホークス 千賀滉大
100%
ナショナルズ 中日ドラゴンズ 小笠原慎之介
100%
ロッキーズ 西武ライオンズ東北楽天ゴールデンイーグルス 埼玉西武ライオンズ 松井稼頭央
100%
ドジャース オリックス・バファローズ 山本由伸
100%
ドジャース 千葉ロッテマリーンズ 佐々木朗希
100%
パドレス 東北楽天ゴールデンイーグルス 松井裕樹
100%
ジャイアンツ 南海ホークス阪神タイガース 日本ハムファイターズ 村上雅則
100%
ヤンキース 広島東洋カープ 黒田博樹
75%
タイガース 広島東洋カープ東北楽天ゴールデンイーグルス 前田健太
75%
ツインズ 広島東洋カープ東北楽天ゴールデンイーグルス 前田健太
75%
エンゼルス 北海道日本ハムファイターズ 大谷翔平
75%
マリナーズ オリックス・ブルーウェーブ イチロー
75%
レンジャーズ 北海道日本ハムファイターズ ダルビッシュ有
75%
カブス 横浜DeNAベイスターズ 今永昇太
75%
カブス 広島東洋カープ 鈴木誠也
75%
カブス 北海道日本ハムファイターズ ダルビッシュ有
75%
ブリュワーズ ヤクルトスワローズ東京ヤクルトスワローズ 青木宣親
75%
ドジャース 北海道日本ハムファイターズ 大谷翔平
75%
ドジャース 北海道日本ハムファイターズ ダルビッシュ有
75%
ドジャース 広島東洋カープ 黒田博樹
75%
ドジャース 広島東洋カープ東北楽天ゴールデンイーグルス 前田健太
75%
パドレス 北海道日本ハムファイターズ ダルビッシュ有
75%
オリオールズ 東京ヤクルトスワローズ アルバート・スアレス
50%
レッドソックス 西武ライオンズ福岡ソフトバンクホークス 中日ドラゴンズ 埼玉西武ライオンズ 松坂大輔
50%
レッドソックス 読売ジャイアンツ 上原浩治
50%
ヤンキース 東北楽天ゴールデンイーグルス読売ジャイアンツ 田中将大
50%
レイズ ヤクルトスワローズ東京ヤクルトスワローズ
東北楽天ゴールデンイーグルス
岩村明憲
50%
ブルージェイズ 福岡ダイエーホークス 福岡ソフトバンクホークス 川﨑宗則
50%
アストロズ 埼玉西武ライオンズ 菊池雄星
50%
エンゼルス 埼玉西武ライオンズ 菊池雄星
50%
マリナーズ 埼玉西武ライオンズ 菊池雄星
50%
マリナーズ 大阪近鉄バファローズオリックス・バファローズ 東北楽天ゴールデンイーグルス 読売ジャイアンツ 岩隈久志
50%
ブレーブス 阪神タイガース ピアース・ジョンソン
50%
ドジャース 横浜大洋ホエールズ 横浜ベイスターズ 東北楽天ゴールデンイーグルス 斎藤隆
50%
パドレス 福岡ソフトバンクホークス阪神タイガース ロベルト・スアレス
50%
オリオールズ 埼玉西武ライオンズ ディートリック・エンス
25%
オリオールズ 中日ドラゴンズ千葉ロッテマリーンズ 阪神タイガース チェン・ウェイン
25%
レッドソックス 日本ハムファイターズ マイク・イースラー
25%
ブルージェイズ 中日ドラゴンズ ジャリエル・ロドリゲス
25%
ホワイトソックス 福岡ダイエーホークス千葉ロッテマリーンズ 井口資仁
25%
エンゼルス 東京ヤクルトスワローズ ホセ・キハーダ
25%
アスレチックス 中日ドラゴンズ カイル・マラー
25%
アスレチックス 埼玉西武ライオンズ タイラー・ネビン
25%
ブレーブス 東北楽天ゴールデンイーグルス アンドリュー・ジョーンズ
25%
マーリンズ 埼玉西武ライオンズ エマニュエル・ラミレス
25%
カブス 中日ドラゴンズ阪神タイガース 福留孝介
25%
カブス 福岡ソフトバンクホークス コリン・レイ
25%
レッズ 北海道日本ハムファイターズ 福岡ソフトバンクホークス ニック・マルティネス
25%
ブリュワーズ 福岡ソフトバンクホークス コリン・レイ
25%
パイレーツ 埼玉西武ライオンズ アレクサンダー・カナリオ
25%
カージナルス 読売ジャイアンツ マイルズ・マイコラス
25%
カージナルス オリックス・ブルーウェーブオリックス・バファローズ 田口壮
25%
レッドソックス 北海道日本ハムファイターズ クリス・マーティン
0%
レッドソックス 東北楽天ゴールデンイーグルス ケビン・ユーキリス
0%
ヤンキース 北海道日本ハムファイターズ マイケル・トンキン
0%
ブルージェイズ 読売ジャイアンツ ジェシー・バーフィールド
0%
ガーディアンズ 東京ヤクルトスワローズ ペドロ・アビラ
0%
ロイヤルズ 千葉ロッテマリーンズ サム・ロング
0%
ツインズ 北海道日本ハムファイターズ マイケル・トンキン
0%
アストロズ 広島東洋カープ テイラー・スコット
0%
アストロズ 読売ジャイアンツ トレイ・キャベッジ
0%
エンゼルス 福岡ソフトバンクホークス マット・ムーア
0%
エンゼルス 東北楽天ゴールデンイーグルス ロアンシー・コントレラス
0%
マリナーズ 千葉ロッテマリーンズ オースティン・ボス
0%
マリナーズ 近鉄バファローズ アルビン・デービス
0%
レンジャーズ 読売ジャイアンツ アドリス・ガルシア
0%
レンジャーズ 福岡ソフトバンクホークス マット・ムーア
0%
レンジャーズ 太平洋クラブライオンズ フランク・ハワード
0%
レンジャーズ 北海道日本ハムファイターズ クリス・マーティン
0%
レンジャーズ 東北楽天ゴールデンイーグルス ホセ・ウレーニャ
0%
マーリンズ 埼玉西武ライオンズ ヘスス・ティノコ
0%
メッツ 埼玉西武ライオンズ リード・ギャレット
0%
メッツ 近鉄バファローズヤクルトスワローズ
オリックス・ブルーウェーブ
オリックス・バファローズ 千葉ロッテマリーンズ
吉井理人
0%
フィリーズ 横浜DeNAベイスターズ ホセ・ルイーズ
0%
ナショナルズ オリックス・バファローズ ジョーイ・メネセス
0%
ナショナルズ ヤクルトスワローズ 阪神タイガース ラリー・パリッシュ
0%
パイレーツ ロッテオリオンズ ビル・マドロック
0%
ロッキーズ 東京ヤクルトスワローズ ピーター・ランバート
0%
ジャイアンツ オリックス・バファローズ ショーン・ジェリー
0%
ジャイアンツ 福岡ダイエーホークス ケビン・ミッチェル
0%
ブルージェイズ 横浜DeNAベイスターズ ルルデス・グリエルJr.
0%
Dバックス 横浜DeNAベイスターズ ルルデス・グリエルJr.
0%
マリナーズ 東北楽天ゴールデンイーグルス J.T.シャギワ
0%
No matching quizzes found
Score Distribution
Percent of People with Each Score
Percentile by Number Answered
Your Score History
You have not taken this quiz since the last reset